IP Telephony : deploying voice-over-IP protocols

Αποθηκεύτηκε σε:
Λεπτομέρειες βιβλιογραφικής εγγραφής
Κύριος συγγραφέας: Hersent, Olivier
Άλλοι συγγραφείς: Petit, Jean - Pierre, Gurle, David
Μορφή: Βιβλίο
Γλώσσα:English
Δημοσίευση: Chichester : John Wiley & Sons, c2005
Θέματα:
Ετικέτες: Προσθήκη ετικέτας
Δεν υπάρχουν, Καταχωρήστε ετικέτα πρώτοι!

MARC

LEADER 00000nam a2200000 i 4500
001 1/51345
008 070808s2005 eng d
020 |a 978-0-470-02359-4 
020 |a 0-470-02359-7 
035 |l 10089695 
040 |a GR-MY-UA  |b gre  |e aacr 
041 0 |a eng 
082 0 |a 621.38212  |2 (22) 
100 1 |a Hersent, Olivier. 
245 1 0 |a IP Telephony :  |b deploying voice-over-IP protocols /  |c Olivier Hersent, Jean-Pierre Petit and David Gurle 
260 |a Chichester :   |b John Wiley & Sons,   |c c2005 
300 |a xxxiii, 382 σ.;  |b σχ.;  |c 25 εκ. 
504 |a Περιλαμβάνει βιβλιογραφικές αναφορές και ευρετήριο 
650 0 0 |a Internet telephony. 
700 1 |a Petit, Jean - Pierre. 
700 1 |a Gurle, David. 
852 |a INST  |b CHIOS  |e 20070808  |h 621.38212 HER  |p 005200025794  |q 005200025794  |t BK  |y 0 
852 |a INST  |b SAMOS  |e 20070830  |h 621.38212 HER  |p 005300028385  |q 005300028385  |t BK  |y 0 
901 |a BIBL3-2007-2 
901 |a BIBL2-2007-2 
909 |a Σ  |b 137318 
909 |a Χ  |b 136956 
922 |a 3ΕΛΗ  |b 200707  |c ΕΠΕΑΕΚ2/ΤΜΠΕΣ  |d ΕΛΕΥΘΕΡΟΥΔΑΚΗΣ 
922 |a 2ΕΛΗ  |b 200707  |c ΕΠΕΑΕΚ2/ΤΜΟΔ  |d ΠΑΠΑΣΩΤΗΡΙΟΥ 
970 |a ΒΑΣΙΛΑΚΗ  |b ΝΙΚΗ  |z 2007/08/08